000 00210nam a2200097 a 4500
005 20140414132008.0
008 110223s19uu xx 00 eng d
050 _aVCD
_bR55
245 _aRobots.
999 _c113202
_d113202